[Event "Titled Tue 24th Jun Early"]
[Site "chess.com INT"]
[Date "2025.06.24"]
[Round "6"]
[White "Mendonca, Leon Luke"]
[Black "Giri, Anish"]
[Result "1/2-1/2"]
[WhiteTitle "GM"]
[BlackTitle "GM"]
[WhiteElo "2603"]
[BlackElo "2748"]
[WhiteFideId "35028561"]
[BlackFideId "24116068"]
[EventDate "2025.06.24"]

1. Nf3 d5 2. d4 Nf6 3. e3 Bf5 4. c4 c6 5. Nc3 e6 6. h3 Nbd7 7. Bd3 Bg6 8. O-O
Bb4 9. Bxg6 hxg6 10. Qb3 a5 11. Bd2 O-O 12. Rfd1 Ra7 13. a3 Bxc3 14. Qxc3 Ne4
15. Qc2 a4 16. Bb4 Re8 17. Rac1 g5 18. Ne5 f6 19. Nd3 Nb6 20. f3 Ng3 21. Qf2 Nf5
22. e4 Nh4 23. Bc5 Ra8 24. Bxb6 Qxb6 25. c5 Qc7 26. Re1 Ng6 27. e5 Qf7 28. Qg3
Re7 29. Re2 Rf8 30. Rce1 Rfe8 31. Re3 Nh4 32. R3e2 Nf5 33. Qf2 Nh4 34. Qg3 Qg6
35. Nb4 Nf5 36. Qf2 Qh6 37. Na2 Qh4 38. Rd2 Qxf2+ 39. Kxf2 Ra8 40. Nc3 Kf7 41.
Na2 Nh4 42. Nb4 Ng6 43. Nd3 Ra5 44. Rc2 Rb5 45. Re3 Re8 46. g3 Rh8 47. Kg2 Rb3
48. Rc3 Rb5 49. Rc2 Ra8 50. Ree2 Rb3 51. Rc3 Rb5 52. Rcc2 Rb3 53. Rc3 Rb5 54.
Rcc2 1/2-1/2

[Event "Titled Tue 24th Jun Early"]
[Site "chess.com INT"]
[Date "2025.06.24"]
[Round "6"]
[White "Chen, Yidong"]
[Black "Skliarov, Viktor"]
[Result "0-1"]
[BlackTitle "IM"]
[WhiteElo "2074"]
[BlackElo "2334"]
[WhiteFideId "8607028"]
[BlackFideId "14106736"]
[EventDate "2025.06.24"]

1. e4 c5 2. Nf3 Nc6 3. Bb5 e6 4. Bxc6 bxc6 5. d3 Ne7 6. e5 Ng6 7. h4 Qc7 8. Qe2
f6 9. Nbd2 Nxe5 10. Nxe5 Qxe5 11. Qxe5 fxe5 12. Nc4 d6 13. b3 Ba6 14. Bb2 Be7
15. O-O-O O-O 16. f3 h5 17. Rde1 Rf4 18. Re4 Raf8 19. Nd2 Rxe4 20. dxe4 Rf4 21.
g3 Rf8 22. Kd1 Bd8 23. c4 Bc8 24. Bc3 Bf6 25. Ke2 Rf7 26. Rd1 Rb7 27. Nf1 Be7
28. Ne3 Kf7 29. Kd3 Bd7 30. Kc2 Be8 31. Rd2 Rd7 32. Rd1 g5 33. hxg5 Bxg5 34. Ng2
Bf6 35. Ne3 Kf8 36. Bb2 Ke7 37. Bc3 Bf7 38. Bb2 Rd8 39. Kd3 Rg8 40. Rg1 h4 41.
Ng4 Bg5 42. Ke2 hxg3 43. Rxg3 Bf4 44. Rh3 a5 45. Bc3 a4 46. Rh7 axb3 47. axb3
Rb8 48. Bd2 Bxd2 49. Kxd2 Kf8 50. Rh8+ Bg8 0-1

[Event "Titled Tue 24th Jun Early"]
[Site "chess.com INT"]
[Date "2025.06.24"]
[Round "6"]
[White "Estrada Nieto, Julian"]
[Black "Chernov, Alexander A."]
[Result "0-1"]
[WhiteTitle "IM"]
[BlackTitle "FM"]
[WhiteElo "2181"]
[BlackElo "2314"]
[WhiteFideId "5101018"]
[BlackFideId "4152492"]
[EventDate "2025.06.24"]

1. e4 d6 2. d4 Nf6 3. Nc3 Nbd7 4. Nf3 e5 5. Bc4 Be7 6. O-O O-O 7. Re1 c6 8. a4
a5 9. h3 Qc7 10. b3 h6 11. Bb2 Re8 12. Bd3 exd4 13. Nxd4 Ne5 14. Nce2 Nxd3 15.
cxd3 d5 16. exd5 Nxd5 17. Nc3 Nxc3 18. Bxc3 Bd7 19. Rc1 Qb6 20. Nf3 Be6 21. Nd4
Bd7 22. Nf3 Rad8 23. Qd2 Bb4 24. Bxb4 axb4 25. Ne5 Be6 26. Nc4 Qd4 27. Qxb4 Bxc4
28. dxc4 b6 29. a5 bxa5 30. Qxa5 c5 31. Red1 Qb2 32. Rb1 Rxd1+ 33. Rxd1 Qxb3 34.
Qd2 Qxc4 35. Rc1 Qb4 36. Qxb4 cxb4 37. Rb1 Rb8 38. Kf1 Kf8 39. Ke2 Ke7 40. Kd3
Kd6 41. Kc4 Ke5 42. Rxb4 Rxb4+ 43. Kxb4 Kd4 44. Kb5 Kd3 45. Kc6 Ke2 46. f4 Kf2
47. g4 Kg3 48. f5 Kxh3 49. Kd6 Kxg4 50. Ke7 Kxf5 51. Kxf7 h5 52. Kxg7 h4 0-1

[Event "Titled Tue 24th Jun Early"]
[Site "chess.com INT"]
[Date "2025.06.24"]
[Round "6"]
[White "Miserendino, Alfredo"]
[Black "Ndirangu, Nyaruai, Joyce"]
[Result "1-0"]
[BlackTitle "WCM"]
[WhiteElo "2032"]
[BlackElo "1909"]
[WhiteFideId "101800"]
[BlackFideId "10802886"]
[EventDate "2025.06.24"]

1. e4 e5 2. Nf3 Nc6 3. Bb5 a6 4. Ba4 Bc5 5. O-O d6 6. c3 Bd7 7. d4 exd4 8. cxd4
Ba7 9. Nc3 Qe7 10. Nd5 Qd8 11. Bg5 f6 12. Bh4 Nge7 13. Bb3 Ng6 14. Bg3 Qc8 15.
e5 dxe5 16. dxe5 Ncxe5 17. Nxe5 fxe5 18. Qh5 Bg4 19. Nxc7+ Kf8 20. Qg5 Qxc7 21.
Qxg4 Qc8 22. Qf3+ Ke7 23. Rfe1 Bd4 24. Qf7+ Kd8 25. Rad1 Qd7 26. Qf3 Rf8 27. Qe4
Kc8 28. h4 Qc6 29. Rc1 Bc5 30. Qc2 Bxf2+ 31. Bxf2 Qxc2 32. Rxc2+ Kb8 33. Bc5 Rc8
34. Bd6+ Ka7 35. Rec1 Rxc2 36. Rxc2 Rd8 37. Rd2 Rd7 38. Bc5+ b6 39. Rxd7+ Kb8
40. Rxg7 bxc5 41. Rxh7 Nf4 42. h5 Ne2+ 43. Kf2 Nd4 44. h6 Nxb3 45. axb3 a5 46.
Rg7 e4 47. h7 c4 48. h8=Q# 1-0

[Event "Titled Tue 24th Jun Early"]
[Site "chess.com INT"]
[Date "2025.06.24"]
[Round "6"]
[White "Vaganian, Rafael A"]
[Black "Mikhalsky, Vladimir"]
[Result "1/2-1/2"]
[WhiteTitle "GM"]
[WhiteElo "2449"]
[BlackElo "2219"]
[WhiteFideId "13300016"]
[BlackFideId "14144352"]
[EventDate "2025.06.24"]

1. d4 Nf6 2. Nf3 g6 3. c4 Bg7 4. g3 O-O 5. Bg2 d6 6. Nc3 Nbd7 7. O-O e5 8. e4
Re8 9. h3 c6 10. Be3 a5 11. Qc2 a4 12. Rad1 Qa5 13. d5 c5 14. Nb5 Bf8 15. Bd2
Qd8 16. b3 axb3 17. axb3 Nb8 18. Ra1 Rxa1 19. Rxa1 Na6 20. Ne1 Nh5 21. Kh2 Bg7
22. Nd3 f5 23. f3 Rf8 24. b4 f4 25. g4 Ng3 26. bxc5 dxc5 27. Bc3 Re8 28. Qb2 h5
29. Nxe5 hxg4 30. Nxg4 Bxc3 31. Qxc3 Bxg4 32. fxg4 Nxe4 33. Bxe4 Rxe4 34. Re1
Qe7 35. Rxe4 Qxe4 36. Qd2 Nb8 37. Nd6 Qe5 38. Nxb7 f3+ 39. Kg1 Qg3+ 40. Kf1
Qxh3+ 41. Kf2 Qxg4 42. Nxc5 Qxc4 43. Ne6 Qg4 44. Qh6 Qg2+ 45. Ke3 Qe2+ 46. Kd4
Qb2+ 47. Kc5 f2 48. Qxg6+ Kh8 49. Qh6+ Kg8 50. Qg5+ Kf7 51. Qf5+ Qf6 52. Ng5+
Kg7 53. Qxf6+ Kxf6 54. Ne4+ Kf7 55. Nxf2 Ke8 56. Kd6 Nd7 57. Ne4 Nb6 58. Nf6+
Kf7 59. Kc6 Nxd5 1/2-1/2

[Event "Titled Tue 24th Jun Early"]
[Site "chess.com INT"]
[Date "2025.06.24"]
[Round "6"]
[White "Vlassov, Nikolai"]
[Black "Weisz, Bryan"]
[Result "1-0"]
[WhiteTitle "IM"]
[WhiteElo "2291"]
[BlackElo "2059"]
[WhiteFideId "4103360"]
[BlackFideId "30934133"]
[EventDate "2025.06.24"]

1. e4 c5 2. c3 d5 3. exd5 Qxd5 4. d4 g6 5. dxc5 Qxc5 6. Be3 Qc7 7. Bxa7 Rxa7 8.
Qd4 Nc6 9. Qxh8 Nf6 10. Nf3 Bg4 11. Nbd2 Ra8 12. Bb5 Kd7 13. O-O-O Re8 14. Ne4+
Kc8 15. Nd6+ Qxd6 16. Rxd6 Bh6+ 17. Kc2 Rxh8 18. Rxc6+ bxc6 19. Bxc6 Bf5+ 20.
Kb3 Kc7 21. Bb5 Rb8 22. a4 Ne4 23. Nd4 Nd6 24. Re1 e6 25. c4 Ne4 26. f3 Nc5+ 27.
Ka3 Nd3 28. Rd1 Bf8+ 29. Ka2 Nb4+ 30. Kb3 Nd3 31. Nxf5 Nc5+ 32. Kc3 gxf5 33. b4
Bg7+ 34. Kc2 Nb7 35. Rd7+ Kb6 36. a5+ Ka7 37. a6 Be5 38. Rxf7 Bxh2 39. Rxh7 Bd6
40. axb7 Rxb7 41. Rxb7+ Kxb7 42. c5 Be5 43. Bd7 Kc7 44. Bxe6 f4 45. Kd3 Bf6 46.
Kc4 Kb7 47. b5 Kc7 48. b6+ Kb8 49. c6 Be5 50. Kd5 Bg7 51. c7+ 1-0

[Event "Titled Tue 24th Jun Early"]
[Site "chess.com INT"]
[Date "2025.06.24"]
[Round "6"]
[White "Karttunen, Mika"]
[Black "Dovgaliuk, Oleksandr"]
[Result "0-1"]
[WhiteTitle "IM"]
[WhiteElo "2490"]
[BlackElo "2190"]
[WhiteFideId "502081"]
[BlackFideId "14167247"]
[EventDate "2025.06.24"]

1. e4 c5 2. Nf3 d6 3. d4 cxd4 4. Nxd4 Nf6 5. Nc3 a6 6. Be3 Ng4 7. Bc1 Nf6 8. f3
e5 9. Nb3 Be6 10. Be3 d5 11. exd5 Nxd5 12. Nxd5 Qxd5 13. Nc5 Bxc5 14. Qxd5 Bb4+
15. Qd2 Bxd2+ 16. Bxd2 Nc6 17. Bd3 O-O 18. O-O Rfd8 19. Bc3 f6 20. f4 exf4 21.
Rxf4 Rac8 22. Re1 Re8 23. Rxe6 Rxe6 24. Bc4 Re8 25. Re4 Kf7 26. g4 Nd8 27. Bd5
Kg6 28. Bxe6 Rxe6 29. Rd4 Nc6 30. Rd7 Re7 31. Rd5 Re2 32. Rd7 Re7 33. Rxe7 Nxe7
34. Kf2 h5 35. gxh5+ Kxh5 36. Bd4 Kg4 37. Kg2 Nf5 38. Bc5 Nh4+ 39. Kf2 Kh3 40.
Bd6 Nf5 41. Bb8 Nh6 42. c4 Ng4+ 43. Kg1 Ne3 44. c5 g5 45. b4 Nc2 46. Bd6 Nxb4
47. Be7 Nd5 48. Bd6 f5 49. Kf2 g4 50. a4 f4 51. Kg1 g3 52. hxg3 Kxg3 53. a5 Kf3
54. Kf1 Ke3 55. Kg2 Ke2 0-1

[Event "Titled Tue 24th Jun Early"]
[Site "chess.com INT"]
[Date "2025.06.24"]
[Round "6"]
[White "Sethuraman, Roshan"]
[Black "Pakleza, Zbigniew"]
[Result "0-1"]
[BlackTitle "GM"]
[WhiteElo "2074"]
[BlackElo "2484"]
[WhiteFideId "30965250"]
[BlackFideId "1119290"]
[EventDate "2025.06.24"]

1. e4 d6 2. d4 Nf6 3. Nc3 c6 4. g3 b5 5. a3 e5 6. Bg2 Nbd7 7. Nge2 Be7 8. h3 Bb7
9. Be3 a5 10. O-O O-O 11. f4 b4 12. axb4 axb4 13. Rxa8 Bxa8 14. Na2 exd4 15.
Nxd4 c5 16. Nf5 Bxe4 17. Bxe4 Nxe4 18. Qf3 d5 19. Rd1 Ndf6 20. g4 g6 21. Nxe7+
Qxe7 22. g5 Nh5 23. Rxd5 Qe6 24. Re5 Qxa2 25. Qxe4 Ng3 26. Qf3 Nf5 27. Bxc5 Rd8
28. Qe2 Qa4 29. Bb6 Rc8 30. b3 Qc6 31. Bf2 Qa8 32. Kh2 h5 33. gxh6 Nxh6 34. Rg5
Qa2 35. Rc5 Rd8 36. Rc4 Nf5 37. Rxb4 Qb1 38. Re4 Kg7 39. Re8 Rxe8 40. Qxe8 Qxc2
41. Qe5+ Kh7 42. Qc5 Qxb3 43. Qc7 Qa2 44. Qc5 Ng7 45. Kg2 Ne6 46. Qe5 Qd5+ 47.
Qxd5 Nxf4+ 48. Kf3 Nxd5 49. h4 Kh6 50. Bg3 Kh5 51. Bf2 Ne7 52. Kg3 Nf5+ 53. Kh3
Nh6 54. Bg3 Ng4 55. Bf4 Nf2+ 56. Kg3 Nd3 57. Kh3 Nxf4+ 0-1

[Event "Titled Tue 24th Jun Early"]
[Site "chess.com INT"]
[Date "2025.06.24"]
[Round "6"]
[White "Svane, Rasmus"]
[Black "Matinian, Nikita"]
[Result "0-1"]
[WhiteTitle "GM"]
[BlackTitle "GM"]
[WhiteElo "2626"]
[BlackElo "2421"]
[WhiteFideId "4657101"]
[BlackFideId "24129100"]
[EventDate "2025.06.24"]

1. Nf3 Nf6 2. g3 g6 3. Bg2 Bg7 4. O-O O-O 5. d4 c6 6. c4 d6 7. Nc3 Bf5 8. Re1
Ne4 9. Qb3 Qb6 10. Be3 Nxc3 11. bxc3 Qa6 12. Bg5 Re8 13. e4 Be6 14. d5 Bg4 15.
Nd4 Nd7 16. h3 Nc5 17. Qc2 Bd7 18. Bf1 Rac8 19. a4 cxd5 20. exd5 Bxa4 21. Qb1
Bf6 22. Bxf6 exf6 23. Rxe8+ Rxe8 24. Qb4 Kg7 25. h4 h5 26. Kg2 Re4 27. Be2 Qb6
28. Rxa4 Nxa4 29. Qxa4 Qb2 30. Bf3 Re7 31. Nb5 a6 32. Nxd6 Qxc3 33. Ne4 Qd4 34.
Qc2 Rc7 35. Nd2 b5 36. Be2 Qxd5+ 37. Bf3 Qd4 38. Qa2 bxc4 39. Ne4 c3 40. Qc2 a5
41. Bd1 a4 42. f3 a3 43. Kh3 a2 44. Qxa2 Qxd1 45. Nf2 Qf1+ 46. Kh2 c2 47. Nh3
c1=Q 48. Qg2 Rc2 49. Nf2 Rxf2 50. Qxf2 Qxf2+ 51. Kh3 Qh1# 0-1

[Event "Titled Tue 24th Jun Early"]
[Site "chess.com INT"]
[Date "2025.06.24"]
[Round "6"]
[White "Szpar, Milosz"]
[Black "Teterev, Vitaly"]
[Result "1-0"]
[WhiteTitle "IM"]
[BlackTitle "GM"]
[WhiteElo "2495"]
[BlackElo "2248"]
[WhiteFideId "1184989"]
[BlackFideId "13501429"]
[EventDate "2025.06.24"]

1. e4 c5 2. Nf3 e6 3. d4 cxd4 4. Nxd4 a6 5. Bd3 Nf6 6. O-O d6 7. Qe2 Nc6 8. Nb3
Qc7 9. c4 Ne5 10. Nc3 Be7 11. Be3 Bd7 12. Rac1 Nxd3 13. Qxd3 Rc8 14. Qd2 Qxc4
15. Nd5 Nxe4 16. Rxc4 Nxd2 17. Rxc8+ Bxc8 18. Nxe7 Nxf1 19. Nxc8 Nxe3 20. fxe3
Kd7 21. Nb6+ Kc6 22. Nc4 b5 23. Ncd2 e5 24. Kf2 Rc8 25. Ke2 d5 26. Nf3 f6 27.
Ne1 Kb6 28. Kd2 a5 29. Nc1 a4 30. Nc2 Rc4 31. g3 h5 32. a3 h4 33. Nb4 hxg3 34.
hxg3 Rg4 35. Ne2 Kc5 36. Nd3+ Kc4 37. Kc2 d4 38. exd4 exd4 39. Kd2 g5 40. Nf2 f5
41. Nxg4 fxg4 42. Nc1 b4 43. axb4 Kxb4 44. Kd3 Kc5 45. Ne2 Kd5 46. Nxd4 Kc5 47.
Ne2 Kb4 48. Nc3 Kb3 49. Nxa4 Kxa4 50. Ke4 Kb3 51. Kf5 Kxb2 52. Kxg5 Kc3 53. Kxg4
Kd4 54. Kf5 Kd5 55. g4 Kd6 56. Kf6 1-0

[Event "Titled Tue 24th Jun Early"]
[Site "chess.com INT"]
[Date "2025.06.24"]
[Round "6"]
[White "Garde, Guillaume"]
[Black "Suvradeepta, Das"]
[Result "0-1"]
[WhiteTitle "CM"]
[BlackTitle "FM"]
[WhiteElo "2211"]
[BlackElo "2230"]
[WhiteFideId "45138273"]
[BlackFideId "5058031"]
[EventDate "2025.06.24"]

1. d4 d5 2. Nf3 Nf6 3. e3 g6 4. b3 Bg7 5. Bb2 O-O 6. Bd3 c6 7. O-O Bg4 8. h3 Bc8
9. Nbd2 b6 10. c4 Bb7 11. Rc1 Nbd7 12. cxd5 Nxd5 13. Bb1 Rc8 14. Qe2 Re8 15. Ne4
Nb4 16. a3 Ba6 17. Qd2 Bxf1 18. Kxf1 Nd5 19. Kg1 N5f6 20. Neg5 h6 21. Ne4 Nxe4
22. Bxe4 c5 23. d5 Bxb2 24. Qxb2 Nf6 25. Qc2 Nxe4 26. Qxe4 e6 27. Qf4 exd5 28.
Qxh6 Qf6 29. Rd1 Rcd8 30. Ng5 Qg7 31. Qh4 d4 32. Ne4 g5 33. Nxg5 dxe3 34. Rxd8
exf2+ 35. Qxf2 Rxd8 36. h4 Qd4 37. Kf1 Qd1+ 38. Qe1 Qxe1+ 39. Kxe1 Rd3 40. b4
Rxa3 41. bxc5 bxc5 42. Ne4 c4 43. Kd2 Ra2+ 44. Kc3 Rxg2 45. Kxc4 Rg4 46. Kd5
Rxe4 47. Kxe4 Kh7 48. Kf5 a5 49. Ke5 Kh6 50. Kd4 Kh5 51. Kc4 Kxh4 52. Kb5 f5 53.
Kxa5 f4 54. Kb4 f3 0-1

[Event "Titled Tue 24th Jun Early"]
[Site "chess.com INT"]
[Date "2025.06.24"]
[Round "6"]
[White "Tekeyev, Zaur"]
[Black "Aghaei, Alireza"]
[Result "0-1"]
[WhiteTitle "IM"]
[BlackTitle "CM"]
[WhiteElo "2407"]
[BlackElo "2204"]
[WhiteFideId "4199731"]
[BlackFideId "12509914"]
[EventDate "2025.06.24"]

1. e4 e6 2. d4 d5 3. Nd2 a6 4. Ngf3 c5 5. exd5 exd5 6. Be2 Nc6 7. O-O c4 8. b3
cxb3 9. axb3 Nf6 10. Re1 Be7 11. Bb5 O-O 12. Bxc6 bxc6 13. Rxe7 Qxe7 14. Ba3 Qc7
15. Bxf8 Kxf8 16. Ne5 c5 17. Ndf3 Bf5 18. Qd2 cxd4 19. Qf4 Qxc2 20. Nxd4 Qb2 21.
Re1 Be4 22. Nec6 Kg8 23. f3 Bg6 24. Qe3 Rf8 25. h4 Kh8 26. Qe7 Rg8 27. Qe5 h6
28. Kh2 Re8 29. Ne7 Kh7 30. Qg3 Qxd4 31. Nxg6 Rxe1 32. Nf8+ Kg8 33. Qxe1 Kxf8
34. Qa5 Qxh4+ 35. Kg1 Qd4+ 36. Kh2 Qe5+ 37. Kg1 Qe3+ 38. Kh1 Qe6 39. Qd8+ Ne8
40. Qa8 g6 41. Kh2 h5 42. Kg1 Kg7 43. Kh2 Qe5+ 44. Kh1 Qe6 45. Qb8 Nf6 46. Qb7
d4 47. Qb4 d3 48. Qd4 Qd5 49. Qg1 d2 50. Qd1 Qd3 51. Kh2 Qe3 0-1

[Event "Titled Tue 24th Jun Early"]
[Site "chess.com INT"]
[Date "2025.06.24"]
[Round "6"]
[White "Hernandez Jimenez, Alexander Andres"]
[Black "Sargissyan, Sargis"]
[Result "0-1"]
[WhiteTitle "FM"]
[BlackTitle "FM"]
[WhiteElo "2069"]
[BlackElo "2206"]
[WhiteFideId "3900452"]
[BlackFideId "13303210"]
[EventDate "2025.06.24"]

1. e4 c5 2. Nf3 Nc6 3. d4 cxd4 4. Nxd4 g6 5. Nc3 Bg7 6. Nb3 d6 7. Be2 Nf6 8. O-O
O-O 9. Re1 a5 10. a4 Nb4 11. Bf1 Be6 12. Bg5 Rc8 13. Nd4 Bd7 14. Ncb5 h6 15. Bh4
Qb6 16. c3 Nc6 17. h3 Nxd4 18. cxd4 Be6 19. Bg3 d5 20. exd5 Nxd5 21. Rc1 Nb4 22.
Qd2 Nd5 23. Be5 Rxc1 24. Rxc1 Rc8 25. Rxc8+ Bxc8 26. Bc4 Be6 27. b3 Qc6 28. Na7
Qb6 29. Nb5 g5 30. h4 gxh4 31. Bxg7 Kxg7 32. Qd3 Qc6 33. Qe4 Nb4 34. Qxh4 Bxc4
35. bxc4 Qxc4 36. Qxe7 Qc1+ 37. Kh2 Qf4+ 38. Kh3 Nd3 39. g3 Qxf2 40. Nd6 Qf1+
41. Kh2 Qf2+ 42. Kh3 Qf1+ 43. Kh2 Ne1 44. Ne8+ Kg8 45. Nf6+ Kg7 46. Nh5+ Kg6 47.
Nf4+ Kg7 48. Qe5+ Kf8 49. Qd6+ Kg8 50. Qd8+ Kg7 51. Nh5+ Kg6 0-1

[Event "Titled Tue 24th Jun Early"]
[Site "chess.com INT"]
[Date "2025.06.24"]
[Round "6"]
[White "Durarbayli, Vasif"]
[Black "Lazavik, Denis"]
[Result "1/2-1/2"]
[WhiteTitle "GM"]
[BlackTitle "GM"]
[WhiteElo "2612"]
[BlackElo "2580"]
[WhiteFideId "13402935"]
[BlackFideId "13515110"]
[EventDate "2025.06.24"]

1. e4 e6 2. d4 d5 3. e5 c5 4. c3 Nc6 5. Nf3 Qb6 6. Be2 cxd4 7. cxd4 Nh6 8. Bxh6
gxh6 9. Qd2 Bg7 10. Na3 O-O 11. O-O f6 12. exf6 Rxf6 13. Nc2 Bd7 14. b4 Raf8 15.
b5 Ne7 16. a4 Ng6 17. Ra3 Qd6 18. Re1 Kh8 19. Bd1 R6f7 20. Qb4 Qc7 21. Rc3 Qd8
22. Qd6 Bc8 23. Qb8 h5 24. Qxa7 h4 25. Qb8 h3 26. g3 e5 27. dxe5 Bg4 28. Qxd8
Rxd8 29. Ncd4 Re7 30. b6 Nxe5 31. Nxe5 Bxd1 32. Rxd1 Bxe5 33. Re3 Bf6 34. Rxe7
Bxe7 35. Kf1 Bc5 36. Ne6 Rc8 37. a5 Bb4 38. Nc7 Bxa5 39. Nxd5 Rd8 40. Ke2 Re8+
41. Kf3 Rf8+ 42. Ke2 Re8+ 43. Kf1 Rd8 44. Ne3 Rxd1+ 45. Nxd1 Bxb6 46. Ke2 Kg7
47. Kf3 h5 48. g4 Bc7 49. gxh5 Bxh2 50. Kg4 Be5 51. Kxh3 b5 52. Kg4 b4 53. Kf5
Bd4 54. Ke4 Bxf2 55. Nxf2 Kh6 56. Nd3 Kxh5 57. Nb2 b3 58. Kd3 Kh4 59. Kc4 Kh3
60. Kxb3 1/2-1/2

[Event "Titled Tue 24th Jun Early"]
[Site "chess.com INT"]
[Date "2025.06.24"]
[Round "6"]
[White "Mohamed, Anees M"]
[Black "Oberoi, Shelev"]
[Result "1/2-1/2"]
[WhiteTitle "FM"]
[WhiteElo "2431"]
[BlackElo "2174"]
[WhiteFideId "35065815"]
[BlackFideId "30908590"]
[EventDate "2025.06.24"]

1. Nf3 d5 2. b3 Nf6 3. Bb2 e6 4. g3 b6 5. Bg2 Bb7 6. O-O Bd6 7. c4 O-O 8. d4 Ne4
9. Nbd2 f5 10. e3 Nd7 11. Rc1 Qe7 12. Ne5 Nxe5 13. dxe5 Bb4 14. Nf3 dxc4 15.
bxc4 Rad8 16. Qb3 a5 17. Rfd1 Nc5 18. Qc2 Be4 19. Qe2 Bd3 20. Rxd3 Nxd3 21. Rb1
Nxb2 22. Qxb2 Bc5 23. Nd4 Bxd4 24. exd4 f4 25. Be4 g6 26. Rd1 Qb4 27. Qc2 Kg7
28. Kg2 Rd7 29. Bc6 Rdf7 30. Rd2 f3+ 31. Kg1 Rd8 32. h3 h5 33. Kh2 a4 34. Bxa4
c5 35. d5 Rf5 36. Bc6 Rxe5 37. a3 Qxa3 38. dxe6 Rd4 39. Bd5 Qa1 40. Bxf3 Rxe6
41. Bd5 Re7 42. Re2 Qa7 43. Qb2 Qc7 44. Rxe7+ Qxe7 45. Qxb6 Rd2 46. Kg2 Re2 47.
Qb3 Qf6 48. Bf3 Re7 49. h4 Rf7 50. Qe3 Qd4 51. Qe2 Qd6 52. Bd5 Re7 53. Qd3 Qf6
54. Qa3 Qd4 55. Qf3 Qf6 56. Qa3 Qd4 57. Qf3 Qe5 58. Qa3 Qd6 59. Qc3+ Qf6 60. Qa3 1/2-1/2

[Event "Titled Tue 24th Jun Early"]
[Site "chess.com INT"]
[Date "2025.06.24"]
[Round "6"]
[White "Ganzhurov, Roman"]
[Black "Harshavardhan, G B"]
[Result "0-1"]
[WhiteTitle "FM"]
[BlackTitle "IM"]
[WhiteElo "2082"]
[BlackElo "2472"]
[WhiteFideId "4179501"]
[BlackFideId "25059009"]
[EventDate "2025.06.24"]

1. d4 d5 2. c4 e6 3. Nc3 Nf6 4. Bg5 c6 5. e3 Nbd7 6. Nf3 Qa5 7. Nd2 Bb4 8. Qc2
dxc4 9. Bf4 b5 10. Be2 Nb6 11. e4 O-O 12. O-O Bb7 13. a4 Bxc3 14. axb5 Bxd2 15.
Rxa5 Bxa5 16. bxc6 Bxc6 17. f3 Rfd8 18. Be3 Bb4 19. Bxc4 Rac8 20. Ba6 Bb7 21.
Qe2 Bxa6 22. Qxa6 Rc7 23. Bf4 Rcd7 24. Be3 h6 25. Rc1 Ne8 26. Rc6 Be7 27. g3 Bf6
28. Kg2 Bxd4 29. Bxd4 Rxd4 30. Qxa7 Nc4 31. b3 Rd2+ 32. Kh3 Ne5 33. Rc3 Nf6 34.
Qa5 Ng6 35. e5 Nh7 36. f4 Ne7 37. Rc7 Nf5 38. Ra7 g5 39. Ra8 Rxa8 40. Qxd2 Kg7
41. b4 gxf4 42. gxf4 Nf8 43. b5 Ng6 44. Qb4 Rb8 45. b6 Rb7 46. Qb5 Nxf4+ 47. Kg4
Nd5 48. Kf3 Rxb6 49. Qc4 Rb3+ 50. Qxb3 Nd4+ 51. Ke4 Nxb3 0-1

[Event "Titled Tue 24th Jun Early"]
[Site "chess.com INT"]
[Date "2025.06.24"]
[Round "6"]
[White "Caruana, Fabiano"]
[Black "Vasquez Schroeder, Rodrigo"]
[Result "1-0"]
[WhiteTitle "GM"]
[BlackTitle "GM"]
[WhiteElo "2777"]
[BlackElo "2446"]
[WhiteFideId "2020009"]
[BlackFideId "3400042"]
[EventDate "2025.06.24"]

1. c4 c5 2. Nf3 Nf6 3. Nc3 e6 4. g3 b6 5. Bg2 Bb7 6. O-O a6 7. Re1 d6 8. e4 Be7
9. d4 cxd4 10. Nxd4 Qc7 11. Qe2 O-O 12. Be3 Nbd7 13. Rac1 Rac8 14. b3 Rfe8 15.
h3 Bf8 16. Qd2 Qb8 17. f4 Qa8 18. Bf2 Red8 19. Qe2 Nc5 20. b4 Ncd7 21. a3 Rc7
22. Nb3 Rdc8 23. Nd2 b5 24. g4 g6 25. a4 bxc4 26. b5 d5 27. b6 Rc5 28. Rb1 a5
29. Red1 Rd8 30. Kh1 Rcc8 31. e5 Ne8 32. f5 Nc5 33. Nf3 Nd3 34. Bd4 Bc5 35. Qe3
Bxd4 36. Nxd4 Qb8 37. fxe6 fxe6 38. Nxe6 Rd7 39. Rf1 Ng7 40. Nxg7 Rxg7 41. Nxd5
Qxe5 42. Qxe5 Nxe5 43. Rb5 Kh8 44. Rc1 Nd3 45. Rc3 Ne1 46. Be4 Rf7 47. Kh2 Rf2+
48. Kg3 Rd2 49. Nf6 Bxe4 50. Nxe4 Rg2+ 51. Kf4 Rf8+ 52. Ke5 Nd3+ 53. Kd6 Re2 54.
Rxc4 Rd8+ 55. Kc7 Re8 56. b7 Ne5 57. b8=Q 1-0

[Event "Titled Tue 24th Jun Early"]
[Site "chess.com INT"]
[Date "2025.06.24"]
[Round "6"]
[White "Asish Panda"]
[Black "Cherepov, Alexej"]
[Result "0-1"]
[BlackTitle "CM"]
[WhiteElo "1911"]
[BlackElo "2083"]
[WhiteFideId "45012458"]
[BlackFideId "13503650"]
[EventDate "2025.06.24"]

1. e4 Nf6 2. Nc3 e5 3. Nf3 Nc6 4. a3 h6 5. d4 exd4 6. Nxd4 Nxe4 7. Nxe4 Qe7 8.
Qd3 d5 9. Nxc6 bxc6 10. Be3 Qxe4 11. Qxe4+ dxe4 12. O-O-O Bd6 13. Bc4 Bg4 14.
Rde1 O-O 15. h3 Bd7 16. Bd4 Rfe8 17. Kb1 a5 18. Rd1 a4 19. Rhe1 Rab8 20. Ka1 Bf5
21. Be3 Be6 22. Bxe6 Rxe6 23. Rd4 Be5 24. Rb4 Rxb4 25. axb4 a3 26. c3 axb2+ 27.
Kxb2 Rd6 28. Kc2 Rd3 29. Bd2 f5 30. f3 Bf6 31. fxe4 fxe4 32. Rxe4 Rg3 33. Re2
Kf7 34. c4 Ra3 35. Re3 Rxe3 36. Bxe3 Be5 37. Kd3 Ke6 38. Ke4 Bd6 39. b5 cxb5 40.
cxb5 Bb4 41. h4 h5 42. Bf4 Ba5 43. Be5 g6 44. Bf4 Bb6 45. Bg5 Bc5 46. Bd8 Bd6
47. Bg5 Bc5 48. Bf4 Bb6 49. Be5 Ba5 50. Bd4 Bd2 51. Be5 Bb4 52. Bxc7 Be1 53. b6
Kd7 54. Ke5 Bxh4 55. Kf4 Be7 0-1

[Event "Titled Tue 24th Jun Early"]
[Site "chess.com INT"]
[Date "2025.06.24"]
[Round "6"]
[White "Bozorov, Javohir"]
[Black "Cuenca Jimenez, Jose Fernando"]
[Result "0-1"]
[WhiteTitle "FM"]
[BlackTitle "GM"]
[WhiteElo "2039"]
[BlackElo "2487"]
[WhiteFideId "14216957"]
[BlackFideId "2255570"]
[EventDate "2025.06.24"]

1. e4 c5 2. Nf3 Nc6 3. Bb5 e5 4. Nc3 d6 5. O-O g6 6. Nd5 Bg7 7. c3 a6 8. Ba4 b5
9. Bc2 Nge7 10. Re1 O-O 11. h3 Nxd5 12. exd5 Ne7 13. d4 exd4 14. cxd4 c4 15. a4
Bb7 16. b3 Nxd5 17. Be4 Nc3 18. Bxb7 Nxd1 19. Bxa8 Nc3 20. Bd2 b4 21. Bxc3 bxc3
22. Bd5 cxb3 23. Bxb3 Qa5 24. Re7 Bf6 25. Rb7 d5 26. Rc1 Rc8 27. Rc2 Kg7 28. Kf1
Rc7 29. Rxc7 Qxc7 30. Bxd5 Qa5 31. Bc6 Qb4 32. d5 Qb1+ 33. Ne1 Bg5 34. Ke2 Bd2
35. Rxd2 cxd2 36. Kxd2 Qb4+ 37. Ke3 Qxe1+ 38. Kd4 Qb4+ 39. Ke5 Qc5 40. f4 Kf8
41. g4 Ke7 42. f5 f6+ 43. Ke4 g5 44. Kd3 Kd6 45. Bb7 Qa3+ 46. Kc2 Qxa4+ 47. Kc1
Qc4+ 48. Kd1 a5 49. Bc6 a4 50. Kd2 a3 51. h4 a2 52. hxg5 a1=Q 53. g6 Qac3+ 54.
Kd1 Q4d3# 0-1